Dystans innowacyjny województw w roku 2016 /

Saved in:
Bibliographic Details
Main Author: Pawlik, Andrzej, (Author)
Format: Book
Language:Polish
Published: Kielce : Wydawnictwo Uniwersytetu Jana Kochanowskiego, 2014.
Subjects:
Tags: Add Tag
No Tags, Be the first to tag this record!
LEADER 01102nam a2200325 a 4500
001 014164181-9
005 20150226131438.0
008 140804s2014 pl a ||b |||| ||pol d
020 |a 9788371335860 
035 0 |a ocn904320000 
035 |a (PlWaKWL)lx2014048747 
040 |b eng  |e rda  |a PlWaKWL  |c PlWaKWL 
041 0 |a pol  |b eng 
043 |a e-pl--- 
050 4 |a HC340.3  |b .P28 2014 
100 1 |a Pawlik, Andrzej,  |e author. 
245 1 0 |a Dystans innowacyjny województw w roku 2016 /  |c Andrzej Pawlik. 
246 1 |i English summary title:  |a Innovative distance of provinces in 2016 
264 1 |a Kielce :  |b Wydawnictwo Uniwersytetu Jana Kochanowskiego,  |c 2014. 
300 |a 172 pages :  |b illustrations ;  |c 24 cm. 
336 |a text  |b txt  |2 rdacontent 
337 |a unmediated  |b n  |2 rdamedia 
338 |a volume  |b nc  |2 rdacarrier 
504 |a Includes bibliographical references (pages 155-164). 
546 |a Summary in English. 
650 0 |a Technological innovations  |z Poland. 
651 0 |a Poland  |x Economic conditions  |x Regional disparities. 
899 |a 415_565358 
988 |a 20140918 
906 |0 VEN